000 01009nac a22002771u 4500
010 _a 2007032471
020 _a0071467343 (alk. paper)
020 _a9780071467346 (alk. paper)
035 _a(OCoLC)ocn164570617
035 _a(OCoLC)164570617
082 0 0 _a621.381531
090 _c8017
_d8017
100 _a20080729
245 0 0 _aPrinted circuits handbook /
_cClyde F. Coombs, Jr., editor-in-chief.
250 _a6th ed.
260 _aNew York :
_bMcGraw-Hill,c2008.
_cc2008.
300 _a1 v. (various pagings) :
_bill. ;
_c25 cm.
490 0 _aMcGraw-Hill handbooks
500 _aDistributer: Al-Ahram.
504 _aIncludes bibliographical references and index.
511 _aCatalogued By: Mahitab.
650 0 _aPrinted circuits
_vHandbooks, manuals, etc.
700 1 _aCoombs, Clyde F.
942 _cNB
_k621.381531
999 _c8017
_d8017